[Event "Copper State Int"]
[Site "Mesa USA"]
[Date "2009.06.02"]
[Round "8"]
[White "Cardona,L"]
[Black "MacKinnon,K"]
[Result "1/2-1/2"]
[WhiteElo "2035"]
[BlackElo "2145"]

1.e4 d5 2.exd5 Qxd5 3.Nc3 Qd6 4.g3 Nf6 5.Bg2 c6 6.Nge2 Bg4 7.h3 Bh5 8.d3 Nbd7
9.a3 e6 10.O-O Qc7 11.b4 Bd6 12.b5 O-O 13.Bd2 a6 14.bxc6 bxc6 15.g4 Bg6 16.f4 Rab8
17.Kh1 Rfe8 18.Ne4 Nxe4 19.dxe4 f6 20.Bf3 Nc5 21.f5 Bf7 22.Ba5 Qxa5 23.Qxd6 Red8
24.Qg3 Qd2 25.e5 fxe5 26.Qxe5 Qd6 27.Qxd6 Rxd6 28.fxe6 Bxe6 29.Nf4 Bc4 30.Rfd1 Rbd8
31.Rxd6 Rxd6 32.Rd1 Rxd1+ 33.Bxd1 g5 34.Nh5 Ne4 35.Bf3 Bd5 36.Kg1 Kf7 37.c4 Nd2
38.cxd5 Nxf3+ 39.Kf2 Ne5 40.dxc6 Nxc6 41.Ke3 Ke6  1/2-1/2

[Event "XLIV Capablanca Memorial Open"]
[Site "Havana CUB"]
[Date "2009.06.09"]
[Round "2"]
[White "Miranda Mesa,E"]
[Black "Espinosa Garcia,S"]
[Result "1-0"]
[WhiteElo "2321"]
[BlackElo "2122"]

1.e4 d5 2.exd5 Qxd5 3.Nc3 Qd6 4.d4 Nf6 5.Nf3 a6 6.a4 Nc6 7.Be2 Bf5 8.Be3 e6
9.O-O Be7 10.Qd2 O-O 11.Rfd1 Rfd8 12.h3 Nd5 13.Nxd5 exd5 14.Bf4 Qg6 15.Bxc7 Bxh3
16.Bg3 Bg4 17.Re1 Bxf3 18.Bxf3 h5 19.c3 h4 20.Bf4 Qf5 21.Bh2 Bg5 22.Qd1 Bf4
23.Bxf4 Qxf4 24.Qb3 Qd6 25.a5 Qd7 26.Re3 g5 27.Bxd5 Qxd5 28.Re8+ Kg7 29.Qxd5 Rxd5
30.Rxa8 Nxa5 31.Re1 Kf6 32.Rb8 Rd7 33.f3 Nc6 34.Rg8 Ne7 35.Rb8 Nc6 36.Ra8 a5
37.Kf2 Rd5 38.Ke3 Kf5 39.c4 Rxd4 40.Rxa5+ Kf6 41.Rb5 Rd7 42.Rd5 Rc7 43.b3 Nb4
44.Rd6+ Ke7 45.Red1 Na6 46.Rb6 Nb8 47.Rd5 Nc6 48.Rdb5 Nd8 49.Rxg5  1-0

[Event "TCh-BUL w"]
[Site "Sunny Beach BUL"]
[Date "2009.06.09"]
[Round "2"]
[White "Videnova,I"]
[Black "Voiska,M"]
[Result "0-1"]
[WhiteElo "2160"]
[BlackElo "2332"]

1.e4 d5 2.exd5 Qxd5 3.Nc3 Qd6 4.d4 Nf6 5.Nf3 a6 6.g3 Bg4 7.Bg2 c6 8.O-O e6
9.h3 Bxf3 10.Bxf3 Qc7 11.Re1 Bd6 12.d5 cxd5 13.Nxd5 Nxd5 14.Qxd5 Nc6 15.Qe4 O-O
16.Bg2 Rac8 17.Bd2 e5 18.Red1 Kh8 19.g4 Bc5 20.b4 Ba7 21.a4 f5 22.gxf5 Qf7
23.b5 Nd4 24.Be3 Ne2+ 25.Kh1 Bxe3 26.Qxe3 Nd4 27.Qe4 axb5 28.axb5 b6 29.Ra6 Nxb5
30.Qd5 Qxd5 31.Bxd5 Nc3 32.Rd3 Nxd5 33.Rxd5 Rxf5 34.Rxb6 Rxf2 35.Rxe5 Rcf8
36.Rc6 h6 37.Re3 Rd2 38.Rg3 Rf1+ 39.Rg1 Rf3 40.Rc8+ Kh7 41.Rg4 Rxh3+ 42.Kg1 Ra3
43.Rg2 Rxg2+ 44.Kxg2 Kg6 45.Rc5 Kf6 46.c3 Ra6 47.Kg3 g5 48.Kg4 Kg6 49.Rc8 h5+
50.Kg3 Kf5 51.Rc5+ Kf6 52.Rc8 Re6 53.Rf8+ Kg6 54.Rg8+ Kf5 55.Rf8+ Rf6 56.Rh8 h4+
57.Kf3 g4+ 58.Kg2 Kg5 59.Rg8+ Kf4 60.Rd8 h3+ 61.Kh2 Rf5 62.Rd1 Kg5 63.c4 Rf2+
64.Kg1 Rc2 65.Ra1 Rxc4  0-1

[Event "1st SCS GM Open"]
[Site "Bhubaneswar IND"]
[Date "2009.06.11"]
[Round "6"]
[White "Vokarev,S"]
[Black "Tiviakov,S"]
[Result "1/2-1/2"]
[WhiteElo "2521"]
[BlackElo "2697"]

1.e4 d5 2.exd5 Qxd5 3.Nc3 Qd6 4.d4 Nf6 5.Nf3 c6 6.Ne5 Nbd7 7.Nc4 Qc7 8.Qf3 Nb6
9.Bf4 Qd7 10.O-O-O Qg4 11.Qxg4 Bxg4 12.f3 Be6 13.Nxb6 axb6 14.Bc7 b5 15.d5 Nxd5
16.Nxd5 Bxd5 17.Rxd5 Rc8 18.Ba5 cxd5 19.Bxb5+ Rc6 20.Rd1 e6 21.Rd3 Kd7 22.Bxc6+ Kxc6
23.Rc3+ Kb5 24.Bc7 Be7 25.Bg3 Re8 26.Kd1 f6 27.Rc7 Kb6 28.Rd7 Kc6 29.Rc7+ Kb6  1/2-1/2

[Event "XLIV Capablanca Memorial Open"]
[Site "Havana CUB"]
[Date "2009.06.11"]
[Round "4"]
[White "Alarcon,Rol"]
[Black "Perez Garcia,Rodn"]
[Result "1/2-1/2"]
[WhiteElo "2367"]
[BlackElo "2436"]

1.e4 d5 2.exd5 Qxd5 3.Nc3 Qd6 4.Nf3 Nf6 5.Bc4 c6 6.Qe2 Nbd7 7.O-O e6 8.d4 Be7
9.Bg5 O-O 10.Rfe1 Nb6 11.Bb3 a5 12.a4 Nbd5 13.Ne4 Nxe4 14.Bxe7 Qxe7 15.Qxe4 Rd8
16.c3 b6 17.Ne5 Bb7 18.Bc2 Nf6 19.Qh4 h6 20.Re4 c5 21.Rg4 Kf8 22.Rf4 cxd4
23.cxd4 Rac8 24.Bd3 Rc7 25.h3 Kg8 26.Bc4 Nd5 27.Qxe7 Rxe7 28.Bxd5 Bxd5 29.Rc1 g5
30.Rg4 f6 31.Nd3 Kf7 32.h4 Bb7 33.hxg5 hxg5 34.Rc3 Red7 35.b4 axb4 36.Nxb4 Kg6
37.Nc2 Ra8 38.f4 Rxa4 39.fxg5 fxg5 40.Rcg3 Ra5 41.Nb4 Rf7 42.Re3 Bd5 43.Nxd5 exd5
44.Re5 Rf5 45.Re6+ Rf6 46.Re5 Rf5 47.Re6+ Rf6  1/2-1/2

[Event "13th FIDE Open"]
[Site "Voronezh RUS"]
[Date "2009.06.12"]
[Round "1"]
[White "Kruchev,B"]
[Black "Goryachkina,A"]
[Result "1-0"]
[WhiteElo "2245"]
[BlackElo "1971"]

1.e4 d5 2.exd5 Qxd5 3.Nc3 Qd6 4.d4 Nf6 5.Nf3 a6 6.g3 Nc6 7.Bf4 Qd8 8.Bg2 Bg4
9.h3 Bh5 10.g4 Bg6 11.Ne5 Nxd4 12.Nxg6 hxg6 13.Bxb7 Rb8 14.Bg2 e6 15.Ne2 Bc5
16.Nxd4 Bxd4 17.c3 Bb6 18.Qa4+ Kf8 19.Qxa6 Nd5 20.Bg3 Qf6 21.O-O Nf4 22.Bxf4 Qxf4
23.Rae1 c6 24.Re4 Qd6 25.Qe2 Bc7 26.f4 g5 27.b4 Rd8 28.a4 Kg8 29.a5 gxf4
30.Rd4 Qe7 31.Rxd8+ Qxd8 32.Rd1 Qf6 33.Rd7 Bb8 34.Qd3 g6 35.a6  1-0

[Event "Open"]
[Site "Varna BUL"]
[Date "2009.06.13"]
[Round "2"]
[White "Miteva,S"]
[Black "Panbukchian,V"]
[Result "0-1"]
[WhiteElo "1599"]
[BlackElo "2305"]

1.e4 d5 2.exd5 Qxd5 3.Nc3 Qd6 4.d4 Nf6 5.Bc4 a6 6.Nge2 b5 7.Bb3 Bb7 8.O-O e6
9.Bf4 Qd7 10.Re1 Be7 11.Ng3 O-O 12.Nce2 Rd8 13.c3 c5 14.dxc5 Qc6  0-1

[Event "13th Master Open"]
[Site "Voronezh RUS"]
[Date "2009.06.13"]
[Round "2"]
[White "Provotorov,I"]
[Black "Ponkratov,P"]
[Result "1-0"]
[WhiteElo "2408"]
[BlackElo "2579"]

1.e4 d5 2.exd5 Qxd5 3.Nc3 Qd6 4.d4 Nf6 5.Nf3 c6 6.g3 Bg4 7.Bg2 e6 8.Bf4 Qb4
9.Qd2 Nbd7 10.O-O Be7 11.Rfe1 O-O 12.Bc7 Bd8 13.a3 Qe7 14.Bf4 Bb6 15.Ne5 Bh5
16.Nc4 Rfd8 17.Bd6 Qe8 18.a4 a5 19.Qf4 Rdc8 20.d5 cxd5 21.Bxd5 Nxd5 22.Nxd5 Bd8
23.Ba3 Ra6 24.Nd6 Rxd6 25.Bxd6 Rxc2 26.Rac1 Rxc1 27.Qxc1 Bf3 28.Nc7 Bxc7
29.Qxc7 h6 30.Qxa5 Nf6 31.Be5 Ne4 32.Re3 Ng5 33.h4 Nh3+ 34.Kh2 Bg4 35.f3 Qc6
36.Qc3 Qxa4 37.fxg4 Nf2 38.Kg2 Nxg4 39.Re2 Qd1 40.Qf3  1-0

[Event "XXVII Open A"]
[Site "Balatonlelle HUN"]
[Date "2009.06.14"]
[Round "2"]
[White "Vajda,Le"]
[Black "Gara,A"]
[Result "1-0"]
[WhiteElo "2571"]
[BlackElo "2326"]

1.e4 d5 2.exd5 Qxd5 3.Nc3 Qd6 4.d4 Nf6 5.Bc4 a6 6.a4 Qc6 7.Bf1 Bg4 8.f3 Bf5
9.Nge2 Nbd7 10.d5 Qd6 11.g4 Bg6 12.g5 Nh5 13.Ne4 Bxe4 14.fxe4 Qb4+ 15.Nc3 g6
16.Be2 Bg7 17.O-O Bd4+ 18.Kg2 Bxc3 19.bxc3 Qxe4+ 20.Bf3 Nf4+ 21.Kh1 Qc4 22.Rb1 a5
23.d6 Ne6 24.dxe7 Ndc5 25.Bd5 Qa6 26.Qf3 Kd7 27.Rd1 Ke8 28.Be3 c6 29.Bxe6 Nxe6
30.Qf6 Rg8 31.Bb6  1-0

[Event "1st SCS GM Open"]
[Site "Bhubaneswar IND"]
[Date "2009.06.14"]
[Round "10"]
[White "Konguvel,P"]
[Black "Jain,Shrey"]
[Result "1-0"]
[WhiteElo "2428"]
[BlackElo "2281"]

1.e4 d5 2.exd5 Qxd5 3.Nc3 Qd6 4.d4 Nf6 5.Nf3 a6 6.Ne5 c5 7.Nc4 Qe6+ 8.Be3 cxd4
9.Qxd4 Nc6 10.Qf4 g5 11.Qc7 Ng4 12.O-O-O Bg7 13.Bc5 O-O 14.h3 Nf6 15.Bd3 Ne8
16.Qg3 b5 17.Rhe1 Qh6 18.Nb6 Rb8 19.Bxe7 Rxb6 20.Bxf8 Kxf8 21.Rxe8+ Kxe8
22.Qc7 Rb8 23.Be4 Bb7 24.Bxc6+ Qxc6 25.Qxb8+ Ke7 26.Qd8+ Ke6 27.Re1+ Kf5
28.Qd3+ Kf6 29.Ne4+  1-0

[Event "13th Open"]
[Site "Voronezh RUS"]
[Date "2009.06.14"]
[Round "3"]
[White "Airapetian,Ta"]
[Black "Yuzhakov,O"]
[Result "1-0"]
[WhiteElo "2125"]
[BlackElo "2284"]

1.e4 d5 2.exd5 Qxd5 3.Nc3 Qd6 4.d4 Nf6 5.Nf3 Nc6 6.Nb5 Qd8 7.c4 a6 8.Nc3 Bg4
9.Be3 e6 10.Be2 Be7 11.O-O O-O 12.h3 Bh5 13.a3 Re8 14.b4 Bf8 15.Qd2 e5 16.d5 e4
17.Ng5 Bxe2 18.Qxe2 Nb8 19.Qc2 a5 20.Ncxe4 Nxe4 21.Nxe4 axb4 22.axb4 Rxa1
23.Rxa1 Bxb4 24.Ng5 g6 25.Rb1 Na6 26.Nf3 Qd7 27.Qb2 Qf5 28.Ra1 Rb8 29.Ba7 Ra8
30.Rxa6 bxa6 31.Qxb4 a5 32.Qb7 Qc8 33.Qxc8+ Rxc8 34.Nd4 a4 35.Bc5 f5 36.Nb5 Kf7
37.d6 Ke6 38.dxc7 Kd7 39.Kf1 Ra8 40.Ke2 g5 41.Kd3 Ra6 42.Kc3 h5 43.Bd6 h4
44.f3 Ra8 45.Kb2 Ra6 46.Ka3 Ra8 47.c5 f4 48.Nc3 Kc6 49.Nxa4 Kb5 50.Kb3 g4
51.hxg4 Re8 52.Nb6  1-0

[Event "Open"]
[Site "Varna BUL"]
[Date "2009.06.15"]
[Round "4"]
[White "Lorek,M"]
[Black "Shishkov,M"]
[Result "0-1"]
[WhiteElo "1991"]
[BlackElo "2246"]

1.e4 d5 2.exd5 Qxd5 3.Nc3 Qd6 4.Bc4 Nf6 5.d3 a6 6.Be3 b5 7.Bb3 Bb7 8.f3 Nbd7
9.Nge2 Nc5 10.Ng3 Nxb3 11.axb3 e6 12.O-O Be7 13.Qe2 O-O 14.Kh1 Qc6 15.Nce4 Nd5
16.Bg1 f5 17.Nc3 Nf4 18.Qf2 Bd6 19.Nge2 Ng6 20.Rfe1 Rae8 21.Rac1 Ne5 22.Nd4 Qd7
23.Qe2 c5 24.Nxe6 Rxe6 25.f4 Rg6  0-1

[Event "13th FIDE Open"]
[Site "Voronezh RUS"]
[Date "2009.06.15"]
[Round "4"]
[White "Kostrikina,A"]
[Black "Peschansky,M"]
[Result "1-0"]
[WhiteElo "2131"]
[BlackElo "2269"]

1.e4 d5 2.exd5 Qxd5 3.Nc3 Qd6 4.d4 Nf6 5.Bg5 a6 6.Qd2 e5 7.O-O-O Nc6 8.dxe5 Nxe5
9.Qf4 Qe6 10.Bxf6 Qxf6 11.Qxf6 gxf6 12.Nd5 Bh6+ 13.Kb1 O-O 14.Nxc7 Bg4 15.Be2 Rac8
16.Nd5 Kg7 17.Bxg4 Nxg4 18.Nh3 Rfe8 19.f3 Re2 20.Nc3 Rxc3 21.bxc3 Ne3 22.Rde1 Rd2
23.f4 Nxg2 24.Reg1 Kf8 25.Rf1 Ne3 26.Rf3 Nc4 27.Rd3 Re2 28.Rhd1 Rxh2 29.Re1 f5
30.Kc1 Na3 31.Rd8+ Kg7 32.Rg1+ Kf6 33.Rd6+  1-0

[Event "13th Open"]
[Site "Voronezh RUS"]
[Date "2009.06.15"]
[Round "4"]
[White "Ozolin,M"]
[Black "Khashimov,V"]
[Result "1-0"]
[WhiteElo "2370"]
[BlackElo "2204"]

1.e4 d5 2.exd5 Qxd5 3.Nc3 Qd6 4.d4 c6 5.Bc4 Bf5 6.Nf3 e6 7.Ne5 Nd7 8.Bf4 Nxe5
9.Bxe5 Qb4 10.Bb3 Nf6 11.Qe2 Be7 12.O-O O-O 13.Nd1 Qb6 14.Ne3 Bg6 15.Nc4 Qa6
16.Rad1 Nd5 17.Rfe1 Rfd8 18.Qf3 b5 19.Nd2 Nf6 20.h3 Rd7 21.Bxf6 Bxf6 22.Ne4 Bxe4
23.Qxe4 Rad8 24.c3 g6 25.Qf4 Bg7 26.Rxe6 fxe6 27.Bxe6+ Kh8 28.Bxd7 Qxa2 29.Bxc6 Qxb2
30.Qd2 Qxd2 31.Rxd2 b4 32.cxb4 Rxd4 33.Re2 Rd1+ 34.Kh2 Bd4 35.b5 Kg7 36.Be4 Kf6
37.h4 h6 38.f4 g5 39.fxg5+ hxg5 40.hxg5+ Kg7 41.Kg3 Rh1 42.Bf3 Kg6 43.Rc2 Be5+
44.Kf2 Bd4+ 45.Ke2 Rb1 46.Kd3  1-0

[Event "XXVII Open A"]
[Site "Balatonlelle HUN"]
[Date "2009.06.16"]
[Round "4"]
[White "Varga,Cs2"]
[Black "Sipos,J"]
[Result "1-0"]
[WhiteElo "2392"]
[BlackElo "2220"]

1.e4 d5 2.exd5 Qxd5 3.Nc3 Qd6 4.d4 Nf6 5.Bc4 a6 6.Nf3 Bg4 7.O-O e6 8.Re1 c6
9.Be2 Nbd7 10.h3 Bh5 11.Ne5 Bxe2 12.Qxe2 Qe7 13.Bg5 h6 14.Bh4 g5 15.Bg3 Nxe5
16.dxe5 Nd5 17.Ne4 O-O-O 18.Nd6+ Kb8 19.Qf3 Rd7 20.Rad1 Bg7 21.c4 Nc7 22.b4 f5
23.exf6 Bxf6 24.b5 axb5 25.cxb5 e5 26.Ne4 Rxd1 27.Rxd1 Bg7 28.bxc6 Rd8 29.Rxd8+ Qxd8
30.Qb3 b5 31.Nc3 Qf6 32.Nxb5 Qxc6 33.Nd4+ Qb7 34.Nc6+ Kc8 35.Ne7+  1-0

[Event "SCT WIM"]
[Site "Stockholm SWE"]
[Date "2009.06.18"]
[Round "2"]
[White "Skinke,K"]
[Black "Boric,E"]
[Result "1/2-1/2"]
[WhiteElo "2210"]
[BlackElo "2250"]

1.e4 d5 2.exd5 Qxd5 3.Nc3 Qd6 4.d4 Nf6 5.Nf3 a6 6.g3 Bg4 7.Bg2 Nc6 8.O-O O-O-O
9.d5 Ne5 10.Bf4 Nxf3+ 11.Bxf3 Qd7 12.Bxg4 Qxg4 13.Qxg4+ Nxg4 14.Rad1 Nf6
15.Rfe1 h6 16.Be5 Rg8 17.Rd3 g6 18.Red1 Bg7 19.Na4 Nd7 20.Bxg7 Rxg7 21.Re1 Re8
22.Rde3 Kd8 23.c4 g5 24.Nc3 Rg6 25.b3 b6 26.Kg2 a5 27.Nb5 Nb8 28.Rf3 Rg7
29.Nd4 Kd7 30.Rfe3 Rg6 31.Nf3 Rf6 32.Ne5+ Kd6 33.Ng4 Rg6 34.Rf3 Rf8 35.Ne3 Kd7
36.Nf5 Re8 37.Rfe3 e6 38.Nd4 Kd6 39.dxe6 fxe6 40.Rd1 Ke7 41.Nb5 Na6 42.Red3 Kf6
43.Rd7 Re7 44.Rd8 Rgg7 45.Na7 Nc5 46.Nb5 Rgf7 47.Rc8 Ke5 48.Re1+ Kf6 49.Re3 g4
50.h3 h5 51.Re2 Rd7 52.h4 a4 53.b4 Nd3 54.Nc3 Nxb4 55.Ne4+ Kf5 56.Ng5 Rf6
57.Ra8 Rd1 58.Rxa4 Nd3 59.Ra3 Rg6 60.f4 gxf3+ 61.Kxf3 e5 62.Ke3 Nc1 63.Rc2 Rgd6  1/2-1/2

[Event "Oceania Zonal"]
[Site "Gold Coast AUS"]
[Date "2009.06.20"]
[Round "1"]
[White "Zhao Zong Yuan"]
[Black "Fitzpatrick,A"]
[Result "1-0"]
[WhiteElo "2583"]
[BlackElo "2022"]

1.e4 d5 2.exd5 Qxd5 3.Nc3 Qd6 4.d4 Nf6 5.Nf3 a6 6.g3 Bg4 7.Bg2 Nc6 8.d5 Ne5
9.Bf4 Bxf3 10.Bxf3 Nxf3+ 11.Qxf3 Qd7 12.O-O-O O-O-O 13.Be5 g6 14.d6 cxd6
15.Nd5 Nxd5 16.Bxh8 Nb4 17.Qc3+ Nc6 18.Bg7 Bxg7 19.Qxg7 Qe6 20.Kb1 Kb8 21.a3 Rc8
22.f4 f6 23.Qxh7 Qf5 24.Rd3 Qe4 25.Rhd1 Na5 26.Qf7 Qe2 27.R3d2 Qb5 28.Rd5 Qc4
29.Qxg6 Nc6 30.Qd3 Qa4 31.Re1 b5 32.Re4 Qa5 33.h4 Qb6 34.Qe3 Qb7 35.Rd1  1-0

[Event "SCT WIM"]
[Site "Stockholm SWE"]
[Date "2009.06.20"]
[Round "4"]
[White "Matseyko,K"]
[Black "Boric,E"]
[Result "1/2-1/2"]
[WhiteElo "2241"]
[BlackElo "2250"]

1.e4 d5 2.exd5 Qxd5 3.Nc3 Qd6 4.d4 Nf6 5.Bd3 Bg4 6.f3 Bh5 7.Nge2 c6 8.Bf4 Qd8
9.Qd2 e6 10.a3 Be7 11.Ne4 O-O 12.c4 Bg6 13.Rd1 Nbd7 14.Nxf6+ Nxf6 15.Bxg6 hxg6
16.O-O b5 17.Rc1 Rc8 18.b4 Qb6 19.Qb2 Rfd8 20.Kh1 a5 21.Rc2 bxc4 22.Rxc4 axb4
23.axb4 Nd5 24.Bd2 Qb5 25.Rfc1 Nb6 26.R4c2 Qxe2 27.Bg5 Qd3 28.Bxe7 Na4 29.Qa2 Rxd4
30.h3 Rd7 31.Qxa4 Rxe7 32.Rxc6 Rd8 33.b5 Red7 34.b6 g5 35.Rc8 Rxc8 36.Rxc8+ Kh7
37.Rc7 Qd1+ 38.Qxd1 Rxd1+ 39.Kh2 Kg6 40.Kg3 Rb1 41.Rc6 Rb2 42.Rd6  1/2-1/2

[Event "SCT GM"]
[Site "Stockholm SWE"]
[Date "2009.06.21"]
[Round "5"]
[White "Lindberg,Be"]
[Black "Engqvist,T"]
[Result "1/2-1/2"]
[WhiteElo "2402"]
[BlackElo "2359"]

1.e4 d5 2.exd5 Qxd5 3.Nc3 Qd6 4.d4 Nf6 5.Nf3 c6 6.Ne5 Nbd7 7.Bf4 Nd5 8.Nxd5 Qxd5
9.f3 Nxe5 10.Bxe5 Bf5 11.c3 e6 12.Bd3 Bxd3 13.Qxd3 O-O-O 14.Qe2 f6 15.Bg3 c5
16.O-O cxd4 17.cxd4 Bd6 18.Rfd1 Kb8 19.b3 Bxg3 20.hxg3 Rc8 21.Rd3 Rc6 22.Rad1 Rhc8
23.R3d2 Rc1 24.Rxc1 Rxc1+ 25.Kf2 Rc6 26.Rd3 Rd6 27.f4 a6 28.Qf3 h5 29.Qxd5 Rxd5
30.Ke3 Kc7 31.Rc3+ Kd7 32.Rc1 g6 33.Rh1 Ra5 34.a4 b5 35.Ra1 bxa4 36.b4 Rb5
37.Rxa4 Rb6 38.Kd3 Kd6 39.Ra5 Rc6 40.b5 axb5 41.Rxb5 Ra6 42.Ke3 Ra3+ 43.Kf2 Ra2+
44.Kf3 Rd2 45.Rb8 g5 46.fxg5 fxg5 47.Rb5 Rd3+ 48.Kf2 g4 49.Rxh5 Rxd4 50.Ke3 Ra4
51.Rb5 e5 52.Rb8 Ra3+ 53.Ke4 Rxg3 54.Rb6+ Kc5 55.Rg6 Rxg2 56.Kxe5 g3 57.Ke4  1/2-1/2

[Event "SCT WIM"]
[Site "Stockholm SWE"]
[Date "2009.06.22"]
[Round "6"]
[White "Agrest,I"]
[Black "Berg,Su"]
[Result "1-0"]
[WhiteElo "2120"]
[BlackElo "2047"]

1.e4 d5 2.exd5 Qxd5 3.Nc3 Qd6 4.d4 Nf6 5.h3 c6 6.Nf3 Bf5 7.Bc4 Nbd7 8.Qe2 e6
9.O-O Be7 10.Bb3 O-O 11.Re1 Nb6 12.Bg5 Nbd5 13.Nxd5 Nxd5 14.Bxe7 Nxe7 15.Rad1 Nd5
16.c4 Nf6 17.Ne5 a5 18.a3 Rfd8 19.g4 Bg6 20.h4 h6 21.Nxg6 fxg6 22.g5 Nh5
23.Qxe6+ Qxe6 24.Rxe6 Nf4 25.Re7 Kf8 26.Re4 hxg5 27.hxg5 Nh5 28.d5 cxd5 29.cxd5 Re8
30.Rg4 Re2 31.d6 Rxb2 32.Rd3 Ke8 33.d7+ Kd8 34.Re4 Kc7 35.Bd1 Rb6 36.d8=Q+ Rxd8
37.Re7+  1-0

[Event "4th Polonia Wroclaw Open A"]
[Site "Warsaw POL"]
[Date "2009.06.23"]
[Round "5"]
[White "Tiviakov,S"]
[Black "Tomczak,J"]
[Result "1-0"]
[WhiteElo "2697"]
[BlackElo "2447"]

1.e4 d5 2.exd5 Qxd5 3.Nc3 Qd6 4.d4 Nf6 5.Nf3 a6 6.Be2 Nc6 7.Be3 Bf5 8.Qd2 e6
9.Nh4 Bg6 10.Nxg6 hxg6 11.g3 O-O-O 12.O-O-O Nb4 13.a3 Nbd5 14.Bf3 Nxe3 15.fxe3 Qb6
16.Qg2 c6 17.Rd3 Be7 18.Rhd1 Kc7 19.Ne2 e5 20.c4 Rd7 21.Nc3 Rhd8 22.c5 Qa5
23.Qc2 Kb8 24.Kb1 Qc7 25.b4 Nd5 26.Bxd5 cxd5 27.Na4 Bf6 28.Nb6 Re7 29.Qb3 Qc6
30.dxe5 Bxe5 31.Rxd5 Rxd5 32.Qxd5 Qxd5 33.Nxd5 Re8 34.Kc2 Rh8 35.Rd2 g5 36.Kd3 f5
37.Kc4 f4 38.exf4 gxf4 39.gxf4 Rh4 40.Re2 Bxf4 41.Re4 g5 42.h3 Rxh3 43.Re8+ Ka7
44.Ne7 b5+ 45.Kd5 Kb7 46.Rg8 Rd3+ 47.Ke6 Re3+ 48.Kf6 Rxa3 49.Nd5 a5 50.Ke6 axb4
51.Nxb4 Ra4 52.Rg7+ Kc8 53.Nc6 b4 54.Na7+ Kb8 55.Nb5 Ra5 56.Rg8+ Kb7 57.Nd6+ Ka7
58.Rg7+ Ka6 59.c6 Re5+ 60.Kd7 Rc5 61.Rg8 b3 62.c7  1-0

[Event "Open"]
[Site "Albena BUL"]
[Date "2009.06.25"]
[Round "6"]
[White "Dobrev,Nan"]
[Black "Gochev,M"]
[Result "1-0"]
[WhiteElo "2366"]
[BlackElo "2238"]

1.e4 d5 2.exd5 Qxd5 3.Nc3 Qd6 4.d4 a6 5.Nf3 Bg4 6.Be2 Nf6 7.h3 Bh5 8.d5 c6
9.dxc6 Qxd1+ 10.Nxd1 Nxc6 11.O-O e6 12.c4 Be7 13.Nc3 O-O 14.Be3 Rac8 15.Na4 Nb4
16.Bb6 Nd7 17.a3 Nc6 18.Be3 Na5 19.Rac1 Nb3 20.Rcd1 Nbc5 21.Nxc5 Nxc5 22.Bxc5 Bxc5
23.Rd7 Rb8 24.b4 Bb6 25.Rfd1 Bd8 26.R1d6 a5 27.c5 axb4 28.axb4 Bg6 29.Ne5 Bf6
30.Ng4 Bc3 31.Rb6 Be4 32.Bf3 Bc6 33.Rd3 Bb2 34.Rb3 Bd4 35.Bxc6 bxc6 36.Rxc6 Rb5
37.Rc7 Rfb8 38.c6 h5 39.Ne3 Be5 40.Rd7 Rxb4 41.Rxb4 Rxb4 42.c7 Rb1+ 43.Nf1 Bxc7
44.Rxc7  1-0

[Event "4th Polonia Wroclaw Open A"]
[Site "Warsaw POL"]
[Date "2009.06.25"]
[Round "8"]
[White "Baklan,V"]
[Black "Tiviakov,S"]
[Result "1/2-1/2"]
[WhiteElo "2618"]
[BlackElo "2697"]

1.e4 d5 2.exd5 Qxd5 3.Nc3 Qd6 4.d4 Nf6 5.Nf3 c6 6.g3 Bg4 7.Bg2 e6 8.O-O Be7
9.Bf4 Qd8 10.h3 Bh5 11.g4 Bg6 12.Ne5 Nbd7 13.Qe2 Nxe5 14.dxe5 Nd7 15.Rad1 Qc7
16.Ne4 Bxe4 17.Qxe4 O-O 18.Rd2 Rfd8 19.Rfd1 Nb6 20.c4 Rxd2 21.Rxd2 Rd8 22.b3 Rxd2
23.Bxd2 Nd7 24.f4 Bc5+ 25.Kf1 a5 26.Qd3 Bb4 27.Be3 Bc5 28.Bd2 Bb4 29.Be3 Bc5
30.Bd2 Bb4  1/2-1/2

[Event "5th Open"]
[Site "Sort ESP"]
[Date "2009.06.26"]
[Round "3"]
[White "Bharathi,R"]
[Black "Roy,Pa"]
[Result "1-0"]
[WhiteElo "2081"]
[BlackElo "2061"]

1.e4 d5 2.exd5 Qxd5 3.Nc3 Qd6 4.d4 Nf6 5.Nf3 c6 6.Bd3 Bg4 7.Be3 Nbd7 8.h3 Bh5
9.Qe2 O-O-O 10.g4 Nxg4 11.hxg4 Bxg4 12.O-O-O f5 13.d5 Kb8 14.dxc6 Qxc6 15.Bf4+ e5
16.Nxe5 Nxe5 17.Bxe5+ Bd6 18.Qe3 Bxd1 19.Bxd6+ Rxd6 20.Rxd1 a6 21.Qe5 Qc7
22.Nd5 Qc5 23.Bxf5 Rd8 24.b4 Qc4 25.Ne3 Qxb4 26.Nc4 Qxc4 27.Rxd6 Rxd6 28.Qxd6+ Ka7
29.Bd3 Qxa2 30.Qc5+ Kb8 31.Qd6+ Ka7 32.Qd4+ Kb8 33.Bxh7 Qf7 34.Bd3 Qe7 35.f4 Ka8
36.Be4 Qc7 37.Qe5 Qf7 38.Bd5 Qd7 39.Qe6  1-0

[Event "Greek Cup Finals"]
[Site "Halkidiki GRE"]
[Date "2009.06.30"]
[Round "1"]
[White "Bojkov,D"]
[Black "Markantonis,V"]
[Result "1-0"]
[WhiteElo "2512"]
[BlackElo "2003"]

1.e4 d5 2.exd5 Qxd5 3.Nc3 Qd6 4.d4 Nf6 5.Nf3 a6 6.Bd3 Bg4 7.Ne4 Nxe4 8.Bxe4 c6
9.c3 Nd7 10.O-O Nf6 11.Bd3 e6 12.Be2 Bxf3 13.Bxf3 Be7 14.Qe2 O-O 15.g3 Qc7
16.b3 Rfe8 17.c4 Nd7 18.Bb2 Bf6 19.Rad1 Rad8 20.Rfe1 c5 21.dxc5 Bxb2 22.Qxb2 Nxc5
23.Qc3 b6 24.b4 Nb7 25.Qe3 Nd6 26.c5 bxc5 27.Qxc5 Qxc5 28.bxc5 Nb5 29.Bc6 Rf8
30.Bd7 Nc3 31.Rd6 Nd5 32.c6 Nb6 33.Red1 Nd5 34.R1xd5 exd5 35.c7 Ra8 36.Rc6  1-0

[Event "5th Open"]
[Site "Sort ESP"]
[Date "2009.06.30"]
[Round "7"]
[White "Beltre,P"]
[Black "Roy,Pa"]
[Result "0-1"]
[WhiteElo "1967"]
[BlackElo "2061"]

1.e4 d5 2.exd5 Qxd5 3.Nc3 Qd6 4.Nf3 Nf6 5.Be2 c6 6.O-O Bg4 7.h3 Bh5 8.d3 e6
9.Bg5 Nbd7 10.Qd2 Qc7 11.Rad1 Be7 12.Rfe1 O-O 13.a3 Rad8 14.Qc1 h6 15.Be3 Nb6
16.Ne4 Nbd5 17.Bd2 Bg6 18.Bf1 Bh5 19.g4 Bg6 20.c4 Nxe4 21.dxe4 Nf6 22.e5 Ne4
23.Be3 f5 24.exf6 Rxf6 25.Rxd8+ Bxd8 26.Bg2 c5 27.Nd2 Nd6 28.Nb3 b6 29.Bf4 Qe7
30.Be5 Rf7 31.Rd1 Bc7 32.Qc3 Ne4 33.Bxe4 Bxe4 34.Bxc7 Qxc7 35.Qe3 Qc6 36.Rd8+ Kh7
37.Nd2 Bh1 38.Qd3+ g6 39.f3 Bxf3 40.Qc3 e5 41.Qxe5 Qf6 42.Qxf6 Rxf6 43.Rd7+ Kg8
44.Rxa7 Be2 45.Re7 Bd3 46.Re3 Rd6 47.Kf2 Kf7 48.Nf3 Kf6 49.Ne5 Bc2 50.Ke2 Rd4
51.Nc6 Rxc4 52.Ne7 Rd4 53.Nc8 b5 54.Rc3 Bd1+ 55.Ke3 Rd5 56.Na7 Re5+ 57.Kd2 Be2
58.Nc6 Re6 59.Rxc5 Bf1 60.Rc3 Bxh3 61.Rxh3 Rxc6 62.Rxh6 Kg5 63.Rh8 Kxg4 64.Rb8 Rc5
65.b4 Rf5 66.Ke2 Kg3 67.Ra8 g5 68.Ra5 g4 69.a4 Rf2+ 70.Ke1 bxa4 71.Rxa4 Rb2
72.Kf1 Kh3 73.Ra3+ g3 74.Rd3 Kh2  0-1

[Event "Open Duras BVK FIDE"]
[Site "Brno CZE"]
[Date "2009.07.01"]
[Round "6"]
[White "Smistik,M"]
[Black "Cagasik,T"]
[Result "1-0"]
[WhiteElo "2311"]
[BlackElo "2259"]

1.e4 d5 2.exd5 Qxd5 3.Nc3 Qd6 4.Nf3 Nf6 5.d4 Bg4 6.h3 Bh5 7.Be3 c6 8.Be2 e6
9.Qd2 Qc7 10.Bf4 Qa5 11.Ne4 Qxd2+ 12.Nfxd2 Bg6 13.Nxf6+ gxf6 14.O-O-O Kd7
15.h4 h5 16.Nb3 Bh6 17.Bxh6 Rxh6 18.c4 Kc7 19.d5 cxd5 20.cxd5 Nd7 21.Rh3 e5
22.Rc3+ Kb8 23.Na5 Rh8 24.Bb5 Rd8 25.Nc6+ bxc6 26.dxc6 Kc7 27.cxd7+ Kb6 28.Ba4 Be4
29.f3 Bb7 30.Rd6+ Ka5 31.b3 Ba6 32.Kb2 Rab8 33.Rc5+ Bb5 34.Ka3  1-0

[Event "ZMD Open"]
[Site "Dresden GER"]
[Date "2009.07.01"]
[Round "8"]
[White "Baklan,V"]
[Black "Hera,I"]
[Result "1/2-1/2"]
[WhiteElo "2639"]
[BlackElo "2557"]

1.e4 d5 2.exd5 Qxd5 3.Nc3 Qd6 4.d4 Nf6 5.Nf3 a6 6.Bc4 Nc6 7.h3 Bf5 8.Be3 e6
9.Qe2 Be7 10.O-O O-O 11.Rad1 Nd5 12.Nxd5 exd5 13.Bd3  1/2-1/2

[Event "Open"]
[Site "Pula CRO"]
[Date "2009.07.01"]
[Round "6"]
[White "Papp,T1"]
[Black "Tomazini,A"]
[Result "1/2-1/2"]
[WhiteElo "2313"]
[BlackElo "2152"]

1.e4 d5 2.exd5 Qxd5 3.Nc3 Qd6 4.d4 Nf6 5.Nf3 c6 6.Be2 Bf5 7.O-O Nbd7 8.g3 e6
9.a3 Qc7 10.Re1 Bd6 11.Nd2 Nb6 12.Bf3 O-O 13.Nde4 Nxe4 14.Nxe4 Bxe4 15.Bxe4 f5
16.Bg2 e5 17.dxe5 Bxe5 18.c3 Rae8 19.Be3 Kh8 20.Bc5 Rg8 21.Qd3 Nd7 22.Be3 Rgf8
23.Rad1 Rd8 24.Bg5 Bf6 25.Bxf6 Nxf6 26.Qxf5 Qb6 27.Rxd8 Rxd8 28.Qc2 Rf8 29.Bf3 Qc5
30.Kg2 Nd7 31.Qe4 h6 32.Qd4 Qxd4 33.cxd4 Nf6 34.Re7 Rb8 35.g4 Kg8 36.h4 Kf8
37.Re1 Rd8 38.Rd1 g5 39.hxg5 hxg5 40.Kg3 Kf7 41.b4 a6 42.Be2 Ne4+ 43.Kf3 Nc3
44.Bc4+ Kf6 45.Rd3 Nb5 46.Bxb5 axb5 47.Kg3 Ke6 48.f4 gxf4+ 49.Kxf4 Kd5 50.g5 Rf8+
51.Kg4 Ke4 52.Rd1 Ra8 53.g6 Rxa3 54.g7 Ra8 55.Kg5 Kd5 56.Rc1 Kxd4 57.Rc5 Rc8
58.Rf5 Rg8 59.Kg6 Kc3 60.Rf4 b6 61.Kf7 Rxg7+ 62.Kxg7 c5 63.bxc5 bxc5 64.Kf6 b4
65.Ke5 b3 66.Kd5 b2 67.Rf1 c4 68.Rb1 Kb3 69.Rxb2+ Kxb2 70.Kxc4  1/2-1/2

[Event "1st Int Open"]
[Site "Perugia ITA"]
[Date "2009.07.03"]
[Round "8"]
[White "Schiappoli,D"]
[Black "Barletta,M"]
[Result "0-1"]
[WhiteElo "1959"]
[BlackElo "2224"]

1.e4 d5 2.exd5 Qxd5 3.Nc3 Qd6 4.Bc4 Nf6 5.d4 a6 6.Nge2 b5 7.Bb3 Bb7 8.Bf4 Qb6
9.Qd3 Nbd7 10.a4 b4 11.a5 Qa7 12.Na4 e6 13.O-O Be7 14.c4 Be4 15.Qe3 O-O 16.Ng3 Bg6
17.Rac1 Rfe8 18.c5 h5 19.Bg5 Rad8 20.Rfe1 Qa8 21.c6 Nf8 22.Nc5 Ng4 23.Qd2 h4
24.Bxe7 hxg3 25.hxg3 Rxe7 26.Qxb4 e5 27.dxe5 Nxe5 28.Qh4 Rde8 29.Nd7 Nf3+
30.gxf3 Rxe1+  0-1

[Event "World Open"]
[Site "Philadelphia USA"]
[Date "2009.07.03"]
[Round "5"]
[White "Stripunsky,A"]
[Black "Stopa,Ja"]
[Result "1/2-1/2"]
[WhiteElo "2556"]
[BlackElo "2471"]

1.e4 d5 2.exd5 Qxd5 3.Nc3 Qd6 4.d4 Nf6 5.g3 Bf5 6.Bf4 Qe6+ 7.Nge2 c6 8.Bg2 Bh3
9.d5 Nxd5 10.Nxd5 cxd5 11.Bxh3 Qxh3 12.Qxd5 Qd7 13.Qb3 e6 14.Rd1 Qc8 15.Nd4 a6
16.O-O Bc5 17.Qa4+ Nc6 18.Nxc6 Qxc6 19.Qxc6+ bxc6 20.Rd3 Ke7 21.Rc3 Bd6 22.Rxc6 Bxf4
23.gxf4 Rhc8 24.Rxc8 Rxc8 25.c3 Rd8 26.f3 Kf6 27.Kg2 Kf5 28.Kg3 h5 29.Rf2 Rd1
30.h4 Rc1 31.Rd2 f6 32.a4 a5 33.b4 Rxc3 34.bxa5 Rc4 35.Ra2 Rxf4 36.a6 Rc4
37.a7 Rc8 38.Rb2 Ra8 39.Rb7 g6 40.a5 e5 41.a6 g5 42.hxg5 Kxg5 43.Rg7+  1/2-1/2